| 000 | 00625nam a22001577a 4500 | ||
|---|---|---|---|
| 003 | BD-DhUL | ||
| 005 | 20160529145311.0 | ||
| 008 | 160529s1328 ii a|||| |||| 001 0 b d | ||
| 040 |
_aBD-DhUL _cBD-DhUL |
||
| 082 |
_a954.14 _bBAN |
||
| 245 | 1 | 0 |
_aবংশ-পরিচয় / _cসংঙ্কলিত কুমার, জ্ঞানেন্দ্রনাথ. |
| 260 |
_aকলিকাতা : _bজ্ঞানেন্দ্রনাথ কুমার, _c১৩২৮। |
||
| 300 |
_aখ., [৪০] পাতা প্লেটস ; _c১৬ সেমি |
||
| 650 | 0 |
_aUndivided bengla _xHistory |
|
| 942 |
_2ddc _cBK |
||
| 999 |
_c71326 _d71326 |
||